Equidad intergeneracional bajo incertidumbre y costos ambientales irreversible

Furkejuvvon:
Bibliográfalaš dieđut
Váldodahkki: Morel, José Tomás (autor)
Searvvušdahkki: Programa de Postgrado en Economía ILADES-Georgetown University (Dahkki)
Materiálatiipa: Girji
Giella:espánnjágiella
Almmustuhtton: Santiago ILADES 1997
Ráidu:I-108
Fáttát:
Fáddágilkorat: Lasit fáddágilkoriid
Eai fáddágilkorat, Lasit vuosttaš fáddágilkora!

MARC

LEADER 00000nam a2200000 a 4500
001 UCM1100
003 CL-VaPUC
008 020322e19970000CL |||||||||||||||||spa|d
082 0 4 |a 330.711  |b MOR  |2 21 
100 |a Morel, José Tomás  |e autor  |9 468107 
110 2 |a Programa de Postgrado en Economía ILADES-Georgetown University  |e author  |9 468108 
245 1 0 |a Equidad intergeneracional bajo incertidumbre y costos ambientales irreversible 
300 |a 27 p 
942 |c BK 
945 |d 20020322 00:00:00  |a crobeson 
260 |a Santiago  |b ILADES  |c 1997 
650 7 |a EDUCACION DE POSTGRADO  |2 CL-VaPUC  |9 310729 
650 0 |a Economía   |9 255568 
650 0 |a Distribución del ingreso  |9 334288 
650 0 |a Teoría económica  |9 315055 
583 |a last modification  |c 20170911 01:29:00  |k Rodrigo Vera 
490 0 |a I-108 
999 |c 299768  |d 299766 
952 |0 0  |1 0  |4 0  |6 330_711000000000000_MOR_1997  |7 0  |8 P  |9 356675  |a BIBGIM  |b BIBGIM  |d 2019-11-21  |i 3588289  |o 330.711 MOR 1997  |p 3588289  |r 2025-01-15  |w 2019-11-21  |y BK  |k GIM